| 000 | 01037nam a2200301 i 4500 | ||
|---|---|---|---|
| 003 | EG-GICUC | ||
| 005 | 20260502102613.0 | ||
| 008 | 260502s1907 -ukab||fr|||| 001 0 eng d | ||
| 040 |
_aEG-GiCUC _beng _cEG-GiCUC _dEG-GiCUC _erda |
||
| 041 | 0 | _aeng | |
| 082 | 0 | 4 |
_221 _a342.042 _bLO . H |
| 092 | 0 | 4 | _221 |
| 099 | _aLaw1 08 342.042 LO . H 1907 | ||
| 100 | 1 |
_aLow, Sidney _eAuthor. |
|
| 245 | 1 | 4 |
_aThe History Of England : _nXII, _p During The Reign Of Victoria (1837-1901) / _bBy Sidney Low, Ma, And Lloyd C. Sanders, Β.a. |
| 264 | 1 |
_aLondon : _bLongmans, Green, And Co, _c1907. |
|
| 300 |
_a532 pages : _billustrations, _c24 cm |
||
| 336 |
_2rda content _atext |
||
| 337 |
_2rda media _aComputer |
||
| 338 |
_2rda carrier _aOnline Resource |
||
| 504 | _aIncludes bibliographical references and index. | ||
| 546 | _aText in English | ||
| 650 | 1 | 4 | _aConstitutional law |
| 700 | 1 |
_aSanders, Lloyd C. _ejoint author. |
|
| 856 | 4 | 0 | _uhttps://fll.law.cu.edu.eg/fulltext/bks/B08-04913.pdf |
| 905 | _a48 | ||
| 942 |
_2ddc _cBK _e21 _n0 |
||
| 999 |
_c74766 _d74766 |
||